Oscar de la meilleure actrice - mort subite - Statistiques

Statistiques générales
  • Ce quiz a été pris 27 fois
  • Le résultat moyen est 5 sur 16
Answers on the Grid
Answers color-coded by a green-red scale on the quiz's grid according to % correct below.
Jessica Chastain
Emma Stone
Olivia Colman
Frances McDormand
Brie Larson
Julianne Moore
Cate Blanchett
Jennifer Lawrence
Meryl Streep
Natalie Portman
Sandra Bullock
Kate Winslet
Marion Cotillard
Reese Witherspoon
Hilary Swank
Nicole Kidman
Amy Adams
Lea Seydoux
Laura Linney
Michelle Pfeiffer
Michelle Williams
Zoe Saldaña
Scarlett Johansson
Winona Ryder
Saoirse Ronan
Emilie Blunt
Keira Knightly
Helena Bonham Carter
 
Statistiques - réponses
Réponse % Correct
Emma Stone
53%
Meryl Streep
53%
Kate Winslet
47%
Marion Cotillard
47%
Frances McDormand
37%
Julianne Moore
37%
Natalie Portman
37%
Cate Blanchett
26%
Hilary Swank
26%
Jennifer Lawrence
26%
Sandra Bullock
26%
Olivia Colman
21%
Reese Witherspoon
21%
Brie Larson
16%
Nicole Kidman
16%
Jessica Chastain
5%
Aucun quiz correspondant
Distribution des résultats
% des personnes avec chaque résultat
Percentile par nombre de réponses
Votre historique - résultats
Vous n’avez pas pris ce quiz